Linear and nonlinear waves (Record no. 2623)

000 -LEADER
fixed length control field 00529nam a2200205 a 4500
001 - CONTROL NUMBER
control field 2623
003 - CONTROL NUMBER IDENTIFIER
control field BD-DhUET
008 - FIXED-LENGTH DATA ELEMENTS--GENERAL INFORMATION
fixed length control field 990405r19991974nyu 001 0 eng
020 ## - INTERNATIONAL STANDARD BOOK NUMBER
International Standard Book Number 0471359424
040 ## - CATALOGING SOURCE
Original cataloging agency DLC
Transcribing agency DLC
Modifying agency BD-DhUET
082 00 - DEWEY DECIMAL CLASSIFICATION NUMBER
Classification number 531.1
Item number WHI/1974
100 1# - MAIN ENTRY--PERSONAL NAME
Personal name Whitham, G. B.
245 10 - TITLE STATEMENT
Title Linear and nonlinear waves
250 ## - EDITION STATEMENT
Edition statement 1st ed.
260 ## - PUBLICATION, DISTRIBUTION, ETC. (IMPRINT)
Place of publication, distribution, etc. New York
Name of publisher, distributor, etc. John Wiley & Sons
Date of publication, distribution, etc. 1999
300 ## - PHYSICAL DESCRIPTION
Extent xvi, 636 p.
Other physical details ill.
Dimensions 23 cm.
504 ## - BIBLIOGRAPHY, ETC. NOTE
Bibliography, etc Includes bibliographies
650 #0 - SUBJECT ADDED ENTRY--TOPICAL TERM
Topical term or geographic name as entry element Waves-Linear water
942 ## - ADDED ENTRY ELEMENTS (KOHA)
Koha item type General Book
Holdings
Withdrawn status Copy number Shelving location Location (home branch) Koha item type Lost status Koha full call number Koha date last seen Sublocation or collection (holding branch) Not for loan Source of classification or shelving scheme Piece designation (barcode) Price effective from Date acquired Damaged status Koha normalized classification for sorting
 1Circulation sectionCentral Library, BUETGeneral Book 531.1/WHI/19742014-09-28Central Library, BUET  1128542014-09-282014-09-28 531_100000000000000_WHI_1974
 2Circulation sectionCentral Library, BUETGeneral Book 531.1/WHI/19742015-03-11Central Library, BUET  452962015-03-112015-03-11 531_100000000000000_WHI_1974